Bible for estate agents (Record no. 117335)

MARC details
000 -LEADER
fixed length control field 01047cam a2200229 4500
001 - CONTROL NUMBER
control field WB4018-11
008 - FIXED-LENGTH DATA ELEMENTS--GENERAL INFORMATION
fixed length control field 040511n2004 000 0 eng u
035 ## - SYSTEM CONTROL NUMBER
System control number (Sirsi) u126163
245 ## - TITLE STATEMENT
Title Bible for estate agents
260 ## - PUBLICATION, DISTRIBUTION, ETC.
Date of publication, distribution, etc. 2004
490 ## - SERIES STATEMENT
Series statement RICS Press Release
Volume/sequential designation (pr039) 6 May 2004 (3)
520 ## - SUMMARY, ETC.
Summary, etc. RICS has published a new edition of the "RICS manual of estate agency law and practice". The publication advises estate agents on how to conduct their day-to-day business and offers guidance on best practice. It also includes the strict code of conduct, the "Residential estate agency practice statement", to which all chartered surveyor estate agents must adhere. http://www.rics.org/ricscms/bin/show?class=PressRe lease&template=/includes/showpr.html&id=1169&facul ty=RICS
590 ## - LOCAL NOTE (RLIN)
Local note WB
590 ## - LOCAL NOTE (RLIN)
Local note WB
650 ## - SUBJECT ADDED ENTRY--TOPICAL TERM
Topical term or geographic name entry element ESTATE AGENTS
650 ## - SUBJECT ADDED ENTRY--TOPICAL TERM
Topical term or geographic name entry element CODES OF PRACTICE
650 ## - SUBJECT ADDED ENTRY--TOPICAL TERM
Topical term or geographic name entry element ESTATE AGENCY REGULATION
650 ## - SUBJECT ADDED ENTRY--TOPICAL TERM
Topical term or geographic name entry element PROFESSIONAL ETHICS
650 ## - SUBJECT ADDED ENTRY--TOPICAL TERM
Topical term or geographic name entry element BEST PRACTICE
690 ## - LOCAL SUBJECT ADDED ENTRY--TOPICAL TERM (OCLC, RLIN)
Topical term or geographic name as entry element PROPERTY AND LAND LAW-AGENCY
942 ## - ADDED ENTRY ELEMENTS (KOHA)
Suppress in OPAC 0
Holdings
Withdrawn status Lost status Source of classification or shelving scheme Damaged status Not for loan Home library Current library Shelving location Date acquired Total Checkouts Full call number Barcode Date last seen Copy number Price effective from Koha item type
    Dewey Decimal Classification     London London News article 11/05/2004   WB4018-11 126163-1001 06/08/2019 1 06/08/2019 News article